Ball Knowledge #3 - Statistics

General Stats
  • This quiz has been taken 95 times
  • The average score is 12 of 15
Answer Stats
Hint Answer % Correct
Quarterback prior to Mahomes in KC Alex Smith
95%
A " Sorry A** Receiver" in Richard Sherman's eyes Michael Crabtree
90%
Former Steelers Wide Receiver known for dancing on the Browns logo Juju Smith-Schuster
89%
Legendary Panthers Tight End who started on the Bears Greg Olsen
88%
Former Colt's QB known as The Sheriff Peyton Manning
85%
Defensive Tackle who created the famous " Sexy Dexy" dance Dexter Lawrence
82%
The 2nd Cowboys Wide Receiver to wear 88 in between Michael Irvin and CeeDee Lamb Dez Bryant
82%
What Oregon Superstar had a career revival as the Falcons starter in 2022 Marcus Mariota
82%
Packers Quarterback who was known for throwing many touchdowns and many interceptions Brett Farve
78%
Former Bengals Wide Receiver who now is a Mahome's loving broadcaster Cris Collinsworth
78%
Former Jets Saftey who's career took a sharp decline once he left Jamal Adams
78%
West Virginia Wide Receiver who never paned out in the NFL from his college stardom Tavon Austin
75%
Which former Penn State Quarterback had a song about him that was viral on Tiktok for awhile Trace Mcsorley
75%
Former Patriots Running Back who is a 3x Superbowl Champion and rushed for 18 TD's in 2016 LeGarrette Blount
68%
This former Giants RB had a twin who played for the Bucs from 1997-2012 Tiki Barber
64%
No matching quizzes found
Score Distribution
Percent of People with Each Score
Percentile by Number Answered
Your Score History
You have not taken this quiz